| 000 | 004630000a22001810004500 | ||
|---|---|---|---|
| 003 | MACL | ||
| 005 | 20150812163952.0 | ||
| 008 | 150812b xxu||||| |||| 00| 0 eng d | ||
| 040 |
_aMACL _cMACL |
||
| 041 | _aEnglish | ||
| 082 | _a370 | ||
| 100 |
_aSahu, Samir Kumar _95120 |
||
| 245 |
_aEngineering Education In India _bPast, Present & Future |
||
| 260 |
_aKolkata _bSahitya Samsad _c2012 |
||
| 350 | _a450 | ||
| 650 |
_aEducation _95121 |
||
| 942 |
_cBK _k370 _2ddc |
||
| 999 |
_c49272 _d49272 |
||